00624nam a2200193Ia 4500008004100000020001500041082001600056100002400072245003100096250000700127260004000134300002600174500001900200600002100219650005000240942000700290952011800297999001500415240925s9999 xx 000 0 und d a8170298911 a005.133 KAN aKanetkar, Yashavant 0aUnderstanding Pointer in C aNA aNew Delhi:bBPB Publicationc,2000. ax,357p.bNAfOriginal aIncludes Index aComputer Science aComputer science, information & general works cBK 001040708CSaUITUbUITUd2004-06-22eGift g100.00l0o005.133 KANpQ5690r2024-09-25 07:13:56w2024-09-25yBK c8189d8189